| 000 | 00968nam a2200253 a 4500 | ||
|---|---|---|---|
| 001 | 1480 | ||
| 003 | BR-CuiBMT | ||
| 005 | 20231212122023.0 | ||
| 008 | 230816s2017 bab 000 0 por d | ||
| 020 | _a9788585524326 | ||
| 040 |
_aBR-CuiBMT _cBR-CuiBMT |
||
| 080 |
_a657.63 _x(100) _22007 |
||
| 090 |
_a657.63(100) _bI61n |
||
| 110 | 2 | _aInternational Organization of Supreme Audit Institutions. | |
| 245 | 1 | 0 |
_aNormas Internacionais das Entidades Fiscalizadoras Superiores (ISSAI) : _bISSAI 5600 : revisão por pares / _cOrganização Internacionais de Entidades Fiscalizadoras Superiores. |
| 260 |
_aSalvador : _bTribunal de Contas do Estado da Bahia, _c2017. |
||
| 300 |
_a68 p. ; _c23 cm |
||
| 490 | 1 |
_aSérie traduções ; _vv. 14 |
|
| 650 |
_aAuditoria governamental _xNormas internacionais |
||
| 650 |
_aControle externo _xAuditoria internacional |
||
| 650 |
_aAdministração pública _xNormas _zAustrália |
||
| 830 | 0 |
_aTraduções ; _v14 |
|
| 942 |
_2udc _cLV |
||
| 999 |
_c1480 _d1480 |
||